000 00846nam a2200241Ia 4500
003 OSt
005 20220926020248.0
006 a|||||r|||| 00| 0
007 ta
008 220923b |||||||| |||| 00| 0 eng d
020 _a9780 415 49327 7
_c5350.9200000000001
037 _b6422, 27/02/2012, Efficient Book Distributors
_cGeneral Book
040 _aRTL
_cRTL
_beng
041 _2eng
_aeng
082 _aX:89K:(D6,9(B), Q1
100 _aBathelt Harald
_9324011
245 0 _aBeyond territory
_b Dynamic geographies of knowledge creation, diffusion ,and innovation
260 _aNew York
_bRoutledge
_c2011
300 _axvii, 291p.
_ccm.
490 _a(Regions and cities)
942 _hX:89K:(D6,9(B), Q1
_cGB
_2CC
999 _c633817
_d633817